| 000 | 00822nam a22001937a 4500 | ||
|---|---|---|---|
| 005 | 20240530110548.0 | ||
| 008 | 160613s2013 ua g 000 0 ara d | ||
| 020 | _a9789771028765 | ||
| 040 | _aEG-CaGPL | ||
| 082 | 0 | 4 |
_221 _a371.782\ _bع أ |
| 100 | 0 | _aعادل محمود رفاعى . | |
| 245 | 1 | 0 |
_aاهوال العنف المدرسى : _bالاسباب - المظاهر المستجدة - النظريات المفسرة - المواجهة و الحلول : دليل المربى فى التعامل مع المراهق العنيف / _cعادل محمود رفاعى . |
| 250 | _aط1. | ||
| 260 |
_aالقاهرة : _bدار الفكر العربى ، _c2013 . |
||
| 300 |
_a140 ص ؛ _c24 سم . |
||
| 650 | 0 | 4 | _aالعنف المدرسى . |
| 942 |
_2ddc _cBK |
||
| 999 |
_c62405 _d62405 |
||